|
|
|
|
| LEADER |
01134Ccm#a22003255a#4500 |
| 001 |
018551 |
| 005 |
20160707154519.0 |
| 008 |
070330s2004####paufta#f############eng#d |
| 040 |
|
|
|a AR-beUNQ
|
| 082 |
0 |
4 |
|a 784.187
|2 21
|
| 100 |
1 |
|
|a Mudarra, Alonso
|d 1510-1580
|4 cmt
|
| 245 |
0 |
2 |
|a Fantasía :
|b que contrahaze la harpa en la manera de Ludovico
|c Alonso Mudarra; edited for guitar, vihuela or lute by Pepe Romero.
|
| 260 |
|
|
|a Pennsylvania :
|b Tuscany,
|c c2004.
|
| 300 |
|
|
|a 1 partitura (2 pliegos) ;
|c 30 cm.
|
| 500 |
|
|
|a Para guitarra, vihuela y laúd.
|
| 500 |
|
|
|a Tablatura para vihuela y notación moderna en pentagrama.
|
| 942 |
|
|
|c PAR
|n 0
|
| 650 |
|
7 |
|a Música
|2 Spines
|
| 651 |
|
7 |
|a España
|2 Spines
|
| 653 |
|
|
|a Partituras
|
| 653 |
|
|
|a Música renacentista
|
| 653 |
|
|
|a Siglo XVI
|
| 653 |
|
|
|a Guitarra
|
| 653 |
|
|
|a Vihuela
|
| 653 |
|
|
|a Laúd
|
| 653 |
|
|
|a Siglo XVI
|
| 700 |
1 |
|
|a Romero, Pepe
|e ed
|4 edt
|
| 929 |
|
|
|a DONACION
|b Biblioteca Gaudeamus
|d 0,00
|e 20040825
|f PAT0018932
|g Exp. 827-0387/98
|j 39883
|
| 929 |
|
|
|a DONACION
|b Biblioteca Gaudeamus
|d 0,00
|e 20040825
|f PAT0018931
|g Exp. 827-0387/98
|j 39884
|
| 999 |
|
|
|c 161
|d 75548
|